| 000 | 05745cam a22018974i 4500 | ||
|---|---|---|---|
| 003 | PE-LiUPU | ||
| 005 | 20250813165449.0 | ||
| 008 | 151102s2015 pe 00i 0 spa d | ||
| 020 | _a6123112570 | ||
| 020 | _a9786123112578 | ||
| 035 | _a(Sirsi) i9786123112578 | ||
| 040 |
_aPUCPR _bspa _cPUCPR _dPE-LiUPU _erda |
||
| 049 | _aPRUA | ||
| 082 | 0 | 4 |
_a343.81 _bC34 2015 |
| 082 | 0 | 4 |
_a657.46 _bC32 _220 |
| 100 | 1 |
_aCastillo Calderón, Pedro, _eautor. |
|
| 245 | 1 | 0 |
_aLibros y registros contables / _cPedro Castillo Calderón. |
| 250 | _aPrimera edición. | ||
| 264 | 1 |
_aLima, Perú : _bGaceta Jurídica, _c2015. |
|
| 300 |
_a254 páginas : _bilustraciones. ; _c24 centímetros. |
||
| 336 |
_atext _2rdacontent |
||
| 337 |
_aunmediated _2rdamedia |
||
| 338 |
_avolume _2rdacarrier |
||
| 490 | 0 | _aContadores & empresas | |
| 505 | 0 | _aAspectos generales -- Tipos de contabilidad: completa y simplificada -- Requisitos formales y otros aspectos generales a tener en cuenta en el llevado de los libros y registros contables -- Libros y registros contables con incidencia tributaria -- Libros y registros llevados manualmente -- Libros de caja y bancos -- Libros de inventarios y balances -- Libros de ingresos y gastos -- Libro diario -- Libros diario de formato simplificado -- Libro mayor -- Registro de activos fijos -- Registro de compras -- Registro de ventas -- Registro de consignaciones -- Registro de inventario y contabilidad de costos -- Registro del régimen de retenciones de IGV -- Registro del régimen de precepciones en las operaciones de venta -- Libros y registros electrónicos -- Sistema de libros y registros electrónicos (SLE-PLE) y portal (SLE-PORTAL) -- Libros y registros electrónicos-obligatarios y voluntarios -- Plazo de atraso de los libros y registros electrónicos. | |
| 526 | _aP203 | ||
| 526 | _aP200 | ||
| 526 | _aSEG65 | ||
| 526 | _aSEG64 | ||
| 526 | _aSEG63 | ||
| 526 | _aSEG62 | ||
| 526 | _aSEG61 | ||
| 526 | _aSEG60 | ||
| 526 | _aSEG59 | ||
| 526 | _aSEG58 | ||
| 526 | _aSEG57 | ||
| 526 | _aSEG56 | ||
| 526 | _aSEG55 | ||
| 526 | _aSEG54 | ||
| 526 | _aSEG53 | ||
| 526 | _aSEG52 | ||
| 526 | _aSEG51 | ||
| 526 | _aSEG50 | ||
| 526 | _aSEG49 | ||
| 526 | _aSEG48 | ||
| 526 | _aSEG47 | ||
| 526 | _aSEG46 | ||
| 526 | _aSEG24 | ||
| 526 | _aSEG23 | ||
| 526 | _aSEG22 | ||
| 526 | _aSEG21 | ||
| 526 | _aSEG20 | ||
| 526 | _aSEG19 | ||
| 526 | _aSEG18 | ||
| 526 | _aSEG17 | ||
| 526 | _aSEG16 | ||
| 526 | _aSEG14 | ||
| 526 | _aSEG13 | ||
| 526 | _aSEG12 | ||
| 526 | _aSEG11 | ||
| 526 | _aSEG10 | ||
| 526 | _aSEG09 | ||
| 526 | _aSEG06 | ||
| 526 | _aSEG05 | ||
| 526 | _aSEG04 | ||
| 526 | _aSEG03 | ||
| 526 | _aSEG02 | ||
| 526 | _aSEG68 | ||
| 526 | _aSEG66 | ||
| 526 | _aSEG45 | ||
| 526 | _aSEG25 | ||
| 526 | _aSEG01 | ||
| 526 | _aP163 | ||
| 526 | _aP162 | ||
| 526 | _aP161 | ||
| 526 | _aP160 | ||
| 526 | _aP159 | ||
| 526 | _aP158 | ||
| 526 | _aP157 | ||
| 526 | _aP156 | ||
| 526 | _aP155 | ||
| 526 | _aP154 | ||
| 526 | _aP153 | ||
| 526 | _aP152 | ||
| 526 | _aP151 | ||
| 526 | _aP150 | ||
| 526 | _aP149 | ||
| 526 | _aP142 | ||
| 526 | _aP141 | ||
| 526 | _aP140 | ||
| 526 | _aP139 | ||
| 526 | _aP138 | ||
| 526 | _aP137 | ||
| 526 | _aP132 | ||
| 526 | _aP131 | ||
| 526 | _aP130 | ||
| 526 | _aP126 | ||
| 526 | _aP125 | ||
| 526 | _aP124 | ||
| 526 | _aP123 | ||
| 526 | _aP115 | ||
| 526 | _aP122 | ||
| 526 | _aP121 | ||
| 526 | _aP116 | ||
| 526 | _a P114 | ||
| 526 | _aP112 | ||
| 526 | _aP111 | ||
| 526 | _aP104 | ||
| 526 | _aP103 | ||
| 526 | _aP102 | ||
| 526 | _aP101 | ||
| 526 | _aP100 | ||
| 526 | _aP96 | ||
| 526 | _aP95 | ||
| 526 | _aP93 | ||
| 526 | _aP92 | ||
| 526 | _aP91 | ||
| 526 | _aP88 | ||
| 526 | _aP83 | ||
| 526 | _aP82 | ||
| 526 | _aP79 | ||
| 526 | _aP78 | ||
| 526 | _aP75 | ||
| 526 | _aP74 | ||
| 526 | _aP71 | ||
| 526 | _aP69 | ||
| 526 | _a P51 | ||
| 526 | _aP49 | ||
| 526 | _aP48 | ||
| 526 | _aP47 | ||
| 526 | _aP33 | ||
| 526 | _aP31 | ||
| 526 | _a P30 | ||
| 526 | _aP29 | ||
| 526 | _aP27 | ||
| 526 | _aP26 | ||
| 526 | _aP25 | ||
| 526 | _aP24 | ||
| 526 | _a P22 | ||
| 526 | _aP10 | ||
| 526 | _aP09 | ||
| 526 | _a P08 | ||
| 526 | _aP06 | ||
| 526 | _aP05 | ||
| 526 | _aP04 | ||
| 526 | _aP01 | ||
| 541 | _g012-0002097; | ||
| 650 | 1 | 4 |
_aContabilidad tributaria. _91113 |
| 650 | 2 | 4 | _aTributación. |
| 910 |
_armch _btqv _crmch _d20170717 |
||
| 910 |
_adbm _bksl _cksl _d20181227 |
||
| 942 |
_2ddc _cBOOK |
||
| 949 |
_a343.81 C34 2015 _wDEWEY _c1 _iFJ08057 _lCCODEBUJ1 _mBUJ _p58.20 _r0 _sY _tBOOK _u2017-07-17 _xFCE _PP08 _0COMPRA _o.STAFF. Colección General Juliaca |
||
| 949 |
_a343.81 C34 2015 _wDEWEY _c2 _iFJ08058 _lCCODEBUJ1 _mBUJ _p58.20 _r0 _sY _tBOOK _u2017-07-17 _xFCE _PP08 _0COMPRA _o.STAFF. Colección General Juliaca |
||
| 994 |
_aC0 _bPEPRU |
||
| 596 | _a1 3 | ||
| 999 |
_a343.81 C34 2015 _wDEWEY _c24615 _iFJ08057 _d24615 _e2022-5-11 _f2022-1-18 _g4 _lCCODEBUJ1 _mBUJ _n5 _p58.20 _q6 _r0 _sY _tBOOK _u2017-7-17 _xFCE _0COMPRA _o.STAFF. Colección General Juliaca |
||
| 999 |
_a343.81 C34 2015 _wDEWEY _c2 _iFJ08058 _d2018-10-24 _e2018-5-18 _f2022-1-18 _g4 _lCCODEBUJ1 _mBUJ _n5 _p58.20 _q7 _r0 _sY _tBOOK _u2017-7-17 _xFCE _0COMPRA _o.STAFF. Colección General Juliaca |
||
| 999 |
_a657.46 C32 _wDEWEY _c1 _i79769 _d2022-5-17 _e2019-6-12 _f2021-11-5 _g4 _lCCODEBUL1 _mBUL _n8 _p24.41 _q1 _r0 _sY _tBOOK _u2018-12-27 _xFCE _PP08 _0DONACION _1FCOMPR2 _o.STAFF. Colección Ciencias Empresariales |
||
| 980 |
_81 _gALBERTO SANCHEZ Responsable de Automatización |
||